A-Z | City |
Europe | London, United Kingdom | | 88.2% | Asia | Beijing, China | | 87.2% | Europe | Moscow, Russia | | 87.1% | North America | New York, NY, United States | | 86.1% | Europe | Berlin, Germany | | 86% | Asia | Tokyo, Japan | | 85.7% | Africa | Cairo, Egypt | | 85% | Europe | Paris, France | | 85% | Asia | Shanghai, China | | 83.1% | North America | Mexico City, Mexico | | 83% | North America | Los Angeles, CA, United States | | 82.1% | Asia | Istanbul, Turkey | | 81.1% | Europe | Istanbul, Turkey | | 81.1% | North America | Chicago, IL, United States | | 80.5% | Oceania | Sydney, NSW, Australia | | 79.8% | Asia | Delhi, India | | 79.8% | Asia | Mumbai, India | | 79.1% | South America | Buenos Aires, Argentina | | 79.1% | South America | São Paulo, Brazil | | 76.4% | Europe | Rome, Italy | | 76.2% | Asia | Jakarta, Indonesia | | 76.2% | Africa | Johannesburg, South Africa | | 75.9% | Africa | Lagos, Nigeria | | 75% | Oceania | Melbourne, VIC, Australia | | 73.7% | South America | Rio de Janeiro, Brazil | | 73.6% | North America | Houston, TX, United States | | 73.4% | North America | Toronto, ON, Canada | | 73.1% | South America | Lima, Peru | | 72.9% | North America | Dallas, TX, United States | | 71.3% | Europe | Warsaw, Poland | | 71.2% | Europe | Saint Petersburg, Russia | | 70.7% | Europe | Amsterdam, Netherlands | | 70% | Oceania | Perth, WA, Australia | | 68.6% | Asia | Karachi, Pakistan | | 68.4% | Africa | Alexandria, Egypt | | 68% | Africa | Nairobi, Kenya | | 67.8% | Africa | Kinshasa, D.R. of the Congo | | 67.5% | Europe | Kiev, Ukraine | | 66.7% | South America | Quito, Ecuador | | 65.5% | North America | Vancouver, BC, Canada | | 65.3% | Europe | Vienna, Austria | | 64.7% | Oceania | Brisbane, QLD, Australia | | 63.4% | Oceania | Adelaide, SA, Australia | | 63.2% | Asia | Osaka, Japan | | 62.2% | Europe | Frankfurt am Main, Germany | | 60.7% | Asia | Xi'an, China | | 58.5% | North America | Phoenix, AZ, United States | | 58.3% | Europe | Hamburg, Germany | | 57.9% | North America | Austin, TX, United States | | 56.3% | Asia | Guangzhou, China | | 56.2% |
|
A-Z | City |
Asia | Ankara, Turkey | | 56.2% | North America | Guadalajara, Mexico | | 55.9% | Asia | Lahore, Pakistan | | 55.2% | Asia | Riyadh, Saudi Arabia | | 54.6% | Asia | Quezon City, Philippines | | 52.3% | Asia | Wuhan, China | | 52% | North America | Baltimore, MD, United States | | 52% | Africa | Durban, South Africa | | 51.6% | Africa | Rabat, Morocco | | 51.6% | Europe | Dublin, Ireland | | 51.1% | North America | Jacksonville, FL, United States | | 50.7% | Europe | Cologne, Germany | | 50.4% | North America | Indianapolis, IN, United States | | 50.3% | Oceania | Christchurch, New Zealand | | 47.1% | Africa | Harare, Zimbabwe | | 45.4% | Europe | Essen, Germany | | 45.2% | Africa | Mogadishu, Somalia | | 44.8% | Europe | Turin, Italy | | 44.1% | Asia | Hyderabad, India | | 44% | North America | Santo Domingo, Dominican Republic | | 42.5% | Africa | Yaoundé, Cameroon | | 42.4% | Asia | Yangon, Myanmar | | 42.2% | North America | Ottawa, ON, Canada | | 41.4% | South America | Porto Alegre, Brazil | | 38.4% | South America | Guayaquil, Ecuador | | 38.1% | South America | Fortaleza, Brazil | | 38% | Europe | Odesa, Ukraine | | 37.7% | South America | Cali, Colombia | | 36.6% | South America | Valencia, Venezuela | | 35.8% | Asia | Chongqing, China | | 35.6% | Oceania | Gold Coast, QLD, Australia | | 35.2% | North America | Fort Worth, TX, United States | | 34.8% | Africa | Ibadan, Nigeria | | 34.6% | Asia | Ürümqi, China | | 32.4% | Africa | Fes, Morocco | | 32.4% | Asia | Nanjing, China | | 32.3% | Europe | Nizhny Novgorod, Russia | | 31.6% | Asia | Pune, India | | 30.5% | Europe | Ufa, Russia | | 30.5% | North America | Kingston, Jamaica | | 30.1% | Asia | Faisalabad, Pakistan | | 29.6% | Africa | Giza, Egypt | | 28.4% | South America | Maracaibo, Venezuela | | 26% | Oceania | Newcastle, NSW, Australia | | 25.6% | Africa | Port Harcourt, Nigeria | | 25.1% | Asia | Zhengzhou, China | | 24.4% | North America | Winnipeg, MB, Canada | | 23.8% | Europe | Genoa, Italy | | 23.1% | Asia | Esfahan, Iran | | 23.1% | Africa | Benin City, Nigeria | | 21.8% |
|
A-Z | City |
Oceania | Wollongong, NSW, Australia | | 20.9% | North America | Yonkers, NY, United States | | 20.7% | North America | Ecatepec de Morelos, Mexico | | 20.2% | Africa | Omdurman, Sudan | | 19.4% | Oceania | Dunedin, New Zealand | | 18.2% | Africa | Tangier, Morocco | | 16% | Europe | Jerez de la Frontera, Spain | | 15.5% | Europe | Yaroslavl, Russia | | 14.5% | South America | Arequipa, Peru | | 14% | Oceania | Honolulu, HI, United States | | 13.5% | Africa | Soweto, South Africa | | 13.3% | Asia | Vadodara, India | | 12.7% | Oceania | Townsville, QLD, Australia | | 12.5% | North America | Zapopan, Mexico | | 12% | Europe | Zaporizhzhya, Ukraine | | 11.4% | North America | Querétaro, Mexico | | 11.1% | South America | El Alto, Bolivia | | 8.4% | Europe | Queluz, Portugal | | 8.4% | South America | Trujillo, Peru | | 8% | Africa | Zaria, Nigeria | | 7.3% | Africa | Enugu, Nigeria | | 7.1% | Africa | Vereeniging, South Africa | | 6.6% | North America | Reynosa, Mexico | | 6.3% | North America | Xalapa-Enríquez, Mexico | | 6.3% | Africa | Warri, Nigeria | | 6.2% | South America | Uberlândia, Brazil | | 5.5% | South America | Duque de Caxias, Brazil | | 5.2% | Africa | Xai-Xai, Mozambique | | 5.1% | South America | Nova Iguaçu, Brazil | | 5.1% | Oceania | Invercargill, New Zealand | | 4.6% | Oceania | Orange, NSW, Australia | | 4.5% | Oceania | Lower Hutt, New Zealand | | 3.9% | Oceania | Kailua, HI, United States | | 3.8% | Oceania | Upper Hutt, New Zealand | | 3.8% | North America | Uruapan, Mexico | | 3.7% | South America | Ibagué, Colombia | | 3.6% | South America | Osasco, Brazil | | 3.6% | Africa | Qena, Egypt | | 3.5% | Oceania | Rockingham, WA, Australia | | 3.2% | South America | Huancayo, Peru | | 3.2% | Oceania | Faa’a, French Polynesia | | 3% | Oceania | Queanbeyan, NSW, Australia | | 2.9% | Africa | Uvira, D.R. of the Congo | | 2.4% | South America | Jaboatão dos Guararapes, Brazil | | 2.4% | Oceania | Jimboomba, QLD, Australia | | 2% | Oceania | Echuca, VIC, Australia | | 2% | Oceania | Yeppoon, QLD, Australia | | 1.9% | Oceania | Village Park, HI, United States | | 1.8% | South America | Yaritagua, Venezuela | | 1.4% |
|
Comments